000 01038nam a2200217 i 4500
001 181803
003 ES-MaACL
005 20230906221446.0
008 130327s1930 sp | |||| ||spa d
080 _a904(460.356)
100 1 _aPérez de Barradas, José.
_990766
245 1 0 _aExcavaciones en la colonia de San Pedro Alcántara (Málaga)
_b: memoria acerca de los trabajos realizados en 1915, 1916 y 1929 por la Sociedad Colonia de San Pedro Alcántara /
_cpresentada en nombre de ésta por D. José Pérez de Barradas.
260 _aMadrid :
_b[s.n.],
_c1930 (
_fTipografía de Archivos)
300 _a18 p., XIX h. de lám. ;
_c24 cm.
490 1 _aJunta Superior de Excavaciones y Antigüedades ;
_vn. 106 = n. 2, 1929
650 4 _aExcavaciones arqueológicas-
_zMálaga (Provincia)
_9152538
710 2 _aEspaña.
_bJunta Superior de Excavaciones y Antigüedades.
_9152463
830 0 _aJunta Superior de Excavaciones y Antigüedades ;
_vn. 106 = n. 2, 1929
_9191570
852 _aES-MaACL
_jE-3378(2)
999 _c181803
_d181803